LEADER 02973 am 22007333u 450 001 996197533103316 005 20230617035321.0 010 $a8884532280 (ebook) 010 $z8884532299 (paperback) 035 $a(CKB)1000000000280307 035 $a(ItFiC)it 02251151 035 $a(SSID)ssj0000985850 035 $a(PQKBManifestationID)11628920 035 $a(PQKBTitleCode)TC0000985850 035 $a(PQKBWorkID)10933310 035 $a(PQKB)10451936 035 $a(WaSeSS)Ind00074236 035 $a(oapen)https://directory.doabooks.org/handle/20.500.12854/35918 035 $a(EXLCZ)991000000000280307 100 $a20060828d2004 uy 0 101 0 $aita 135 $aur||||||||||| 181 $ctxt 182 $cc 183 $acr 200 10$aDemocrazia e rappresentanza politica $edal divieto di mandato al mandato di partito /$fSalvatore Curreri 205 $aSecond revised edition. 210 $cFirenze University Press$d2004 210 1$aFirenze :$cFirenze University Press,$d2004. 215 $a1 online resource (220 pages) 225 1 $aMonografie Scienze Sociali ;$v9 225 0$aMonografie.$pScienze sociali ;$v9 300 $aFirst ed. 2004, now revised and enlarged. 311 08$aPrint version: 8884532299 320 $aIncludes bibliographical references. 327 $a1. Dal divieto di mandato al mandato di partito. 330 $aDuring the 13th Legislature of the Italian Republic the phenomenon of parliamentary mobility, that is of the passage of MPs and Senators from one political group to another, assumed significant dimensions in terms both of the number of representatives involved, and in terms of quality, in view of the creation of governments through the decisive contribution of deserter MPs, sometimes joined together in specially created groups. The aim of the work is to review the principles of political representation, retracing their genesis and their translation in the constitutional and legislative arena and in parliamentary regulations, testing the viability of the traditional reconstructions of the national representation of the parliamentarian. 410 0$aMonografie scienze sociali ;$v9. 606 $aLaw - Non-U.S$2HILCC 606 $aLaw, Politics & Government$2HILCC 606 $aLaw - Europe, except U.K$2HILCC 610 $apolitical parties 610 $apartiti politici 610 $aitaly 610 $adiritto 610 $ademocrazia 610 $ademocracy 610 $aright 610 $aitalia 615 7$aLaw - Non-U.S. 615 7$aLaw, Politics & Government 615 7$aLaw - Europe, except U.K. 676 $a342 676 $a324 676 $a945 676 $a940 676 $a320 700 $aCurreri$b Salvatore$0253625 801 0$bItFiC 801 1$bItFiC 801 2$bUkMaJRU 912 $a996197533103316 996 $aDemocrazia e rappresentanza politica$91004447 997 $aUNISA LEADER 01656nam0 22003731i 450 001 LO10736954 005 20231121125522.0 100 $a20141202d1930 ||||0itac50 ba 101 | $aita 102 $ava 181 1$6z01$ai $bxxxe 182 1$6z01$an 200 1 $aRelazione delle indagini e dei lavori di restauro alla cupola vaticana dal maggio 1928 al marzo 1930$fLuca Beltrami 210 $aCittà del Vaticano$cTip. Poliglotta Vaticana$d1930 215 $a27 p.$cill.$d35 cm 606 $aCupola vaticana$xRestauro$x1928-1930$2FIR$3RMLC422533$9I 606 $aRoma$xMonumenti$xCupola vaticana$2FIR$3RMLC422534$9I 676 $a620.0046$9$v21 676 $a720$9ARCHITETTURA$v21 700 1$aBeltrami$b, Luca$f <1854-1933>$3RAVV010282$4070$03810 790 0$aPolifilo$3RAVV085841$zBeltrami, Luca <1854-1933> 790 0$aNicolette$3SBNV062132$zBeltrami, Luca <1854-1933> 790 1$aLibaut$b, Marcel$3SBNV062133$zBeltrami, Luca <1854-1933> 790 1$aKaniba$b, Oggo : von$3SBNV062134$zBeltrami, Luca <1854-1933> 790 1$aScarmentado$b, Menòr$3SBNV062135$zBeltrami, Luca <1854-1933> 790 1$aTrisbis$b, Walter$3SBNV062136$zBeltrami, Luca <1854-1933> 801 3$aIT$bIT-01$c20141202 850 $aIT-FR0017 899 $aBiblioteca umanistica Giorgio Aprea$bFR0017 $eN 912 $aLO10736954 950 0$aBiblioteca umanistica Giorgio Aprea$d 52DSR F 84$e 52FLS0000385115 VMB RS $fC $h20141202$i20141202 977 $a 52 996 $aRelazione delle indagini e dei lavori di restauro alla cupola vaticana dal maggio 1928 al marzo 1930$93608563 997 $aUNICAS